| 000 | 00652nam a2200205Ia 4500 | ||
|---|---|---|---|
| 999 |
_c49637 _d49637 |
||
| 001 | 16569 | ||
| 003 | GE_BSU | ||
| 005 | 20250128171528.0 | ||
| 008 | 181216s1990||||ru |||||||||||||| ||rus|| | ||
| 040 | _cGE_BSU | ||
| 041 | _arus | ||
| 080 | _a821.161-1-2 Л-49 | ||
| 100 |
_aЛермонтов, М. Ю. _916588 |
||
| 245 |
_aСочинеия Драмы : Т. 2 / _cМ. Ю. Лермонтов ; Ред. колл. Г. А. Анджапаридзе, Ю.О. Бем, В. Вацуро. Э. |
||
| 264 |
_aМосква : _b[?], _c1990. |
||
| 300 |
_a704 стр. ; _c20 см. |
||
| 541 | _h7ლ. | ||
| 653 | _aСочинеия Драмы | ||
| 942 |
_cBK _2udc |
||